| 000 | 01085cam a2200337 i 4500 | ||
|---|---|---|---|
| 999 |
_c47028 _d47028 |
||
| 001 | 20677 | ||
| 003 | CO-MdFUSB | ||
| 005 | 20190215095319.0 | ||
| 008 | 161031t1994 mnu||||f |||| 00| 0 eng d | ||
| 020 | _a978-0-8006-2798-0 | ||
| 040 |
_aCO-MdFUSB _bspa _cCO-MdFUSB _dCO-MdFUSB _erda |
||
| 041 | _aeng | ||
| 082 |
_224 _a220.66 _bOL44r |
||
| 100 | 1 |
_aTrible, Phyllis _eautor |
|
| 245 | 1 | 0 |
_aRhetorical criticism _b: Context, method, and the book of Jonah _c/ Phyllis Trible |
| 264 | 1 |
_aMinneapolis, Minnesota : _bFortress Press, _c℗1994 |
|
| 264 | 4 |
_c©1994 _a : _b, |
|
| 300 |
_axii, 264 páginas _b: _c; 21 cm |
||
| 336 |
_2rdacontent _atexto _btxt |
||
| 337 |
_2rdamedia _asin mediación _bn |
||
| 338 |
_2rdacarrier _avolumen _bnc |
||
| 490 | _aGuides to Biblical Scholarship | ||
| 504 | _aIncluye índice (páginas 253-264) | ||
| 505 | 0 | 0 | _aContexto -- Método y el libro de Jonás |
| 563 | _aRústico | ||
| 630 | 7 |
_aBiblia. _pJonas _xRetórica |
|
| 653 | _aBible. O.T. -- Jonah | ||
| 653 | _aJonás (libro bíblico) | ||
| 942 | _cREF | ||